Sobreviviremos a nuestro futuro? / (Record no. 147651)

MARC details
000 -LEADER
campo de control de longitud fija 00609nam a2200193 i 4500
001 - NÚMERO DE CONTROL
campo de control 147651
003 - IDENTIFICADOR DE NÚMERO DE CONTROL
campo de control ES-MaACL
005 - FECHA Y HORA DE LA ÚLTIMA TRANSACCIÓN
campo de control 20230906202204.0
007 - CAMPO FIJO DE DESCRIPCIÓN FÍSICA--INFORMACIÓN GENERAL
campo de control de longitud fija t|
008 - DATOS DE LONGITUD FIJA--INFORMACIÓN GENERAL
campo de control de longitud fija 071004s1973 sp ||||1| spa d
100 1# - ENTRADA PRINCIPAL--NOMBRE DE PERSONA
Nombre de persona Urban, G.R.
9 (RLIN) 112065
245 10 - MENCIÓN DEL TÍTULO
Título Sobreviviremos a nuestro futuro? /
Mención de responsabilidad, etc. G.R. Urban y la colaboración de Michael Glenny ; [traducción de Francisco Elías].
250 ## - MENCION DE EDICION
Mención de edición [1ª ed.].
260 ## - PUBLICACIÓN, DISTRIBUCIÓN, ETC.
Lugar de publicación, distribución, etc. [Barcelona] :
Nombre del editor, distribuidor, etc. Plaza & Janés,
Fecha de publicación, distribución, etc. [1973]
300 ## - DESCRIPCIÓN FÍSICA
Extensión 420 p. ;
Dimensiones il.
700 1# - ENTRADA AGREGADA--NOMBRE PERSONAL
Nombre de persona Elías, Francisco.
9 (RLIN) 46960
700 1# - ENTRADA AGREGADA--NOMBRE PERSONAL
Nombre de persona Glenny, Michael.
9 (RLIN) 57433
852 ## - LOCALIZACIÓN
Ubicación ES-MaACL
Número de control de estantería C-55217
Sublocalización o colección R.87746
Holdings
Estatus retirado Estado de pérdida Estado de daño No para préstamo Biblioteca de origen Biblioteca actual Ubicación en estantería Fecha de adquisición Fuente de adquisición Total de préstamos Signatura topográfica completa Código de barras Visto por última vez Precio de reemplazo Tipo de ítem Koha
        Biblioteca del Ateneo de Madrid Biblioteca del Ateneo de Madrid Depósito 2 17/01/2008     C-55217 1154088 23/02/2023 23/02/2023 Libro impreso